000 00818nam a22002537a 4500
001 BR7901552
003 BR-BrBNA
005 20230928085950.0
007 ta
008 230509b bl.||||| |||| 00| 0 por d
040 _aBR-BrBNA
_bpor
_cBiblioteca Nacional de Agricultura
041 _a(Por)
072 _aL70; H00; D10
_b/G514
090 _ L70 BR7901552
110 1 _aSecretaria Nacional de Defesa Agropecuaria, Brasilia, DF (Brasil)
_99180
245 1 _aSecretaria Nacional de Defesa Agropecuaria. Desempenho 1978 [administracao, higiene veterinaria, defesa animal, defesa vegetal, Brasil]
260 3 _aBrasilia, DF (Brasil):
_c1979.
300 _a151 p.
650 _aDEFESA VEGETAL
650 _aDEFESA ANIMAL
650 _aHIGIENE VETERINARIA
909 _a202309
_bLucia
_c55
_dLucia Elande
942 _cBK
999 _c27215
_d27215